Представление документа в формате RUSMARC

ПолеНазваниеЗначение
  Тип записи a
  Библиографический уровень m
001 Контрольный номер RU/SLIB/B/208720660
005 Дата корректировки 20260113094011.2
010 Индекс ISBN __
d Цена 45-00; 47-00
101 Язык документа 0_
a Язык текста rus
c Язык оригинала rus
200 Заглавие и сведения об ответственности 1_
a Заглавие СНиП 2.09.04-87
e Сведения, относящиеся к заглавию введ. 01.01.1989 г.
f Первые сведения об ответственности Госстрой СССР
b Общее обозначение материала Текст
i Наименование части Административные и бытовые здания
210 Выходные данные 1_
a Место издания Сосновый Бор
c Издательство Полиграфия
d Дата издания 2000
215 Физическое описание __
a Объем 32 с.
225 Серия 2_
a Серия Строительные нормы и правила
300 Общие примечания __
a Общие примечания Ксерокопия
606 Тематические рубрики __
a Основная рубрика Строительство
606 Тематические рубрики __
a Основная рубрика Технология строительного производства в целом
606 Тематические рубрики __
a Основная рубрика Виды строительства в целом
606 Тематические рубрики __
a Основная рубрика Общественные здания и сооружения
610 Ключевые слова 0_
a Ключевые слова безопасность труда; техника безопасности; строительные нормы; строительные правила; общественные здания; административные объекты; бытовые здания
686 Индексы других классификаций __
a Классификационный индекс 38.712
686 Индексы других классификаций __
a Классификационный индекс 38.6н
801 Источник записи _0
a Страна RU
b Организация Муниципальное бюджетное учреждение культуры "Централизованная библиотечная система" г. Сургут (Центральная городская библиотека им. А. С. Пушкина)
g Правила каталогизации КиК/Котельникова
801 Источник записи _1
a Страна RU
b Организация Муниципальное бюджетное учреждение культуры "Централизованная библиотечная система" г. Сургут (Центральная городская библиотека им. А. С. Пушкина)
g Правила каталогизации КиК/Котельникова
852 Данные о местонахождении __
j Шифр хранения 38.712
c Каталожный индекс 38.712; 38.6н
i Авторский знак А 31
p Инвентарный номер Б/Н
901 Тип документа __
t Тип документа m
903 Характеристики (МАРС) __
a Дата передачи 20011126; 20010627
990 Данные о заказе (DOS) __
h N записи в КСУ для Б/У (DOS) 200111; 200106
j Количество экземпляров (DOS) 3; 2